Spell the Marvel Character #126 - Statistics

General Stats
  • This quiz has been taken 17 times
  • The average score is 5 of 7
Answer Stats
Picture Answer % Correct
Iron Man
100%
Rocket Raccoon
93%
Hazmat
86%
Tigra
86%
White Tiger
71%
Wraith
71%
Aleta
36%
No matching quizzes found
Score Distribution
Percent of People with Each Score
Percentile by Number Answered
Your Score History
You have not taken this quiz